000 00622cam a22002053a 4500
001 40513
003 PGUSA
005 20140828083914.0
008 120816s2012||||xxu|||||s|||||000 | eng d
040 _aPGUSA
_beng
042 _adc
100 1 _aEdgar, John G.
_q(John George),
_d1834-1864
245 1 0 _aDanes, Saxons and Normans ;
_bor, Stories of our ancestors
_h[electronic resource] /
_cJohn G. Edgar
260 _bProject Gutenberg,
_c2012
506 _aPublic domain in the USA.
516 _aElectronic text
830 0 _aProject Gutenberg
_v40513
856 4 0 _uhttp://www.gutenberg.org/ebooks/40513
942 _cEB
999 _c269766
_d269766